| 000 | 00351nam a2200145Ia 4500 | ||
|---|---|---|---|
| 999 |
_c10279 _d10279 |
||
| 082 | _aTG.0069 | ||
| 100 | _aGupta, Geeta | ||
| 245 | 0 | _aAbhilekhon ke adhar par parmaron ka sanskritak itihas | |
| 260 |
_c1983 _bAgra University |
||
| 300 | _a377 | ||
| 650 | _aParmars, The | ||
| 650 |
_aCaste _zIndia |
||
| 710 | _aAsthana, Pratima | ||
| 942 |
_cTH _2ddc |
||